000 00212 a2200097 4500
001 42177
100 _aNayler J L
245 _aDictionary of Aeronautical Engineering
260 _a
_b
_c
090 _c26166
_d26166
942 _aNUST-CAE
_cM
_c17965
999 _c277250
_d277250